000 00985cam a2200301 i 4500
008
020 _a9780323531030 (paperback)
040 _aNUST
_cNUST
049 _aMAIN
090 _aREF R697.P45
_bBON
100 1 _aBonewit-West, Kathy,
_eauthor.
245 1 0 _aClinical procedures for medical assistants /
_cKathy, Bonewit-West.
250 _aTenth edition.
264 1 _aSt. Louis, Missouri :
_bElsevier,
_c2018.
300 _axxv, 854 pages :
_bcolor illustrations ;
_c28 cm.
336 _atext
_btxt
_2rdacontent
337 _aunmediated
_bn
_2rdamedia
338 _avolume
_bnc
_2rdacarrier
500 _aIncludes index.
504 _aIncludes bibliographical references.
650 0 _aPhysicians' assistants.
650 0 _aPhysicians' assistants
_vHandbooks, manuals.
650 0 _aClinical medicine.
907 _a.b10415944
_b18-01-23
_c09-03-22
003
005 20230120204400.0
942 _cBOOKS
_kREF R697.P45
_mBON
999 _c122214
_d122214